Statistics for Top 10 Countries with the Most Camels

Click here to take the quiz!

General Stats

  • This quiz has been taken 607 times
  • The average score is 7 of 10

Answer Stats

# CamelsCountry% Correct
4.79 milSudan
86%
1.55 milChad
73%
1.16 milEthiopia
73%
1.72 milNiger
72%
7.15 milSomalia
72%
0.998 milMali
66%
1.52 milMauritania
63%
0.460 milYemen
59%
2.94 milKenya
54%
1.01 milPakistan
36%

Score Distribution

Percentile by Number Answered

Percent of People with Each Score

Your Score History

You have not taken this quiz